Liberia : Second Review of Performance Under the Staff-Monitored Program and New Program for 2007.

This paper discusses key findings of the Second Review Under the Staff Monitored Program (SMP) and New Program for 2007 for Liberia. Performance under the SMP in the quarter to end-September was mixed. The authorities achieved all but one of the quantitative benchmarks, but they needed more time to...

Fuld beskrivelse

Bibliografiske detaljer
Institution som forfatter: International Monetary Fund
Format: Tidsskrift
Sprog:English
Udgivet: Washington, D.C. : International Monetary Fund, 2007.
Serier:IMF Staff Country Reports; Country Report ; No. 2007/049
Online adgang:Full text available on IMF
LEADER 01596cas a2200241 a 4500
001 AALejournalIMF004751
008 230101c9999 xx r poo 0 0eng d
020 |c 5.00 USD 
020 |z 9781451822915 
022 |a 1934-7685 
040 |a BD-DhAAL  |c BD-DhAAL 
110 2 |a International Monetary Fund. 
245 1 0 |a Liberia :   |b Second Review of Performance Under the Staff-Monitored Program and New Program for 2007. 
264 1 |a Washington, D.C. :  |b International Monetary Fund,  |c 2007. 
300 |a 1 online resource (58 pages) 
490 1 |a IMF Staff Country Reports 
500 |a <strong>Off-Campus Access:</strong> No User ID or Password Required 
500 |a <strong>On-Campus Access:</strong> No User ID or Password Required 
506 |a Electronic access restricted to authorized BRAC University faculty, staff and students 
520 3 |a This paper discusses key findings of the Second Review Under the Staff Monitored Program (SMP) and New Program for 2007 for Liberia. Performance under the SMP in the quarter to end-September was mixed. The authorities achieved all but one of the quantitative benchmarks, but they needed more time to achieve key structural benchmarks, including the review of contracts and concessions and finalization of the domestic debt and anticorruption strategies. Most of these outstanding benchmarks have now been met. 
538 |a Mode of access: Internet 
830 0 |a IMF Staff Country Reports; Country Report ;  |v No. 2007/049 
856 4 0 |z Full text available on IMF  |u http://elibrary.imf.org/view/journals/002/2007/049/002.2007.issue-049-en.xml  |z IMF e-Library